[Event "LTU-chT (Women)"]
[White "Sidaraviciute, Ruta"]
[Black "Semonaviciute, Migle"]
[Site "Lithuania"]
[Round "4"]
[Result "0-1"]
[Date "2013.02.09"]
[WhiteElo "1553"]
[BlackElo "1560"]
[PlyCount "92"]
[EventDate "2013.01.19"]
[EventType "team-tourn"]
[EventRounds "7"]
[EventCountry "LTU"]
[SourceTitle "CBM 152 Extra"]
[Source "ChessBase"]
[SourceDate "2013.02.25"]
[SourceVersion "1"]
[SourceVersionDate "2013.02.25"]
[SourceQuality "1"]

1. e4 c5 2. Nf3 d6 3. Be2 Nc6 4. 0-0 Nf6 5. d3 g6 6. h3 Bg7 7. Be3 0-0 8. c3 Nd7 9. Qd2 Nde5 10. Bh6 Nxf3+ 11. Bxf3 Ne5 12. Be2 b6 13. Bxg7 Kxg7 14. d4 Nd7 15. dxc5 Nxc5 16. f3 Bb7 17. Na3 a6 18. Nc2 b5 19. Ne3 Qb6 20. Kh1 Rad8 21. Nd5 Bxd5 22. Qxd5 Ne6 23. Qd2 Qc6 24. Rad1 Nc7 25. Qe3 d5 26. e5 e6 27. Rd4 Qb6 28. Qd2 Ne8 29. Rh4 Rh8 30. Qh6+ Kg8 31. Rd4 Ng7 32. g4 a5 33. a3 Qc7 34. Qf4 Qb8 35. Kg2 h5 36. Bd3 Rd7 37. Re1 Rb7 38. Qg5 b4 39. cxb4 axb4 40. a4 Qa7 41. Rf4 Qxa4 42. Qf6 Qb3 43. Re3 Qxb2+ 44. Kg3 h4+ 45. Qxh4 Rxh4 46. Kxh4 Qd2 0-1